00367 a2200169 4500260001200000100001600012260001500028245004900043300001600092650001800108650001500126260000900141300000900150130000700159250001300166020001800179 aLondres aDOXEY, D.L. bB. Tindall aClinical pathology and diagnostic procedures aviii-320 p. aSANTE ANIMALE aPATHOLOGIE c1983 bill. lEn a2e éd. a0 7020 0956 3